Joueurs NBA en activité avec le plus de points en carrière - Statistiques

Statistiques générales
  • Ce quiz a été pris 597 fois
    156 depuis la dernière actualisation
  • Le résultat moyen est 12 sur 15
Statistiques - réponses
Rang Nom Équipe actuelle Points Rang All-Time % Correct
5 Stephen Curry Warriors de Golden State 25 386 24
100%
1 LeBron James Lakers de Los Angeles 42 184 1
99%
2 Kevin Durant Suns de Phoenix 30 571 8
98%
3 James Harden Clippers de Los Angeles 27 687 11
94%
9 Giánnis Antetokoúnmpo Bucks de Milwaukee 20 538 48
93%
7 Chris Paul Spurs de San Antonio 23 011 36
92%
6 DeMar DeRozan Kings de Sacramento 25 292 25
84%
4 Russell Westbrook Nuggets de Denver 26 205 20
84%
8 Damian Lillard Bucks de Milwaukee 22 598 37
83%
12 Kyrie Irving Mavericks de Dallas 18 433 76
83%
10 Anthony Davis Mavericks de Dallas 18 976 66
78%
11 Paul George 76ers de Philadelphie 18 697 72
70%
13 Brook Lopez Bucks de Milwaukee 17 517 94
58%
14 Bradley Beal Suns de Phoenix 17 257 100
54%
15 Nikola Vučević Bulls de Chicago 16 719 109
50%
Aucun quiz correspondant
Distribution des résultats
% des personnes avec chaque résultat
Percentile par nombre de réponses
Votre historique - résultats
Vous n’avez pas pris ce quiz depuis la dernière actualisation